000 00250nam a2200109Ia 4500
008 190216s9999||||xx |||||||||||||| ||und||
100 _aSree Harikrishnan
245 0 _aHindi-Manasa Durgadas
260 _bNeruda Books
650 _aHindi
942 _cBK
999 _c15251
_d15251